000 00206nam a2200097Ia 4500
008 190216s9999||||xx |||||||||||||| ||und||
100 _aKanam E J
245 0 _aBharya
260 _bCurrent Books
942 _cBK
999 _c23676
_d23676